000 00742cam a2200193 4500
001 J64338
008 000000n1979 000 0 eng u
035 _a(Sirsi) u112308
110 _aInstitute of Building Control
_93341
245 4 _aThe Institution of Building Control Officers 1979 weekend school Guildford
260 _aEpsom
_bIBC
_c1979
300 _a18p. ; 30cm.
520 _aStored in basement. Thirteenth weekend school at Surrey Universitiy, Guildford on March 30th, March 31st and April 1st 1979 organised by the South Eastern District.
650 _aIBC
650 _aINSTITUTE OF BUILDING CONTROL
650 _aPROFESSIONAL ASSOCIATIONS
690 _aMANAGEMENT-BUSINESS MANAGEMENT-PROFESSIONAL PRACTICE
942 _n0
999 _c101401
_d101401